000 01342nam a2200337Ia 4500
001 ebr10449652
003 CaPaEBR
006 m u
007 cr cn|||||||||
008 100927s2011 enk sb 001 0 eng d
010 _z 2010040098
020 _z9781409401407 (hardback : alk. paper)
020 _z9781409401414 (ebook)
040 _aCaPaEBR
_cCaPaEBR
035 _a(OCoLC)715159086
050 1 4 _aHV9346.A5
_bD44 2011eb
082 0 4 _a364.6/30942
_222
100 1 _aDeering, John,
_d1956 Mar. 26-
245 1 0 _aProbation practice and the new penology
_h[electronic resource] :
_bpractitioner reflections /
_cby John Deering.
260 _aFarnham, Surrey ;
_aBurlington, VT :
_bAshgate,
_cc2011.
300 _a204 p.
504 _aIncludes bibliographical references and index.
533 _aElectronic reproduction.
_bPalo Alto, Calif. :
_cebrary,
_d2011.
_nAvailable via World Wide Web.
_nAccess may be limited to ebrary affiliated libraries.
650 0 _aCriminals
_xRehabilitation
_zEngland.
650 0 _aCriminals
_xRehabilitation
_zWales.
650 0 _aProbation
_zEngland.
650 0 _aProbation
_zWales.
655 7 _aElectronic books.
_2local
710 2 _aebrary, Inc.
856 4 0 _uhttp://site.ebrary.com/lib/rucke/Doc?id=10449652
_zAn electronic book accessible through the World Wide Web; click to view
999 _c138380
_d138380